Rozpoznaj przebranie do piper - Statystyki

Ogólne statystyki
  • Ten quiz został rozwiązany 63 razy
  • Średni wynik to 4 z 10
Statystyki odpowiedzi
Obrazkowy Odpowiedź % Poprawnych
Różowa Piper
100%
Czekoladowa Piper
57%
Srebrna Piper
43%
Złota Piper
43%
Atena Piper
29%
Czaszka Piper
29%
Księżycowa Piper
29%
Niosąca Flagę Piper
14%
Piper Amor
14%
Trojednik Piper
14%
Nie znaleziono quizów pasujących do podanych kryteriów
Rozkład punktacji
Procent ludzi z każdym wynikiem
Percentyl według liczby udzielonych odpowiedzi
Twoja historia wyników
Nie rozwiązałeś tego quizu